000 00529nam a2200193Ia 4500
005 20250326124844.0
008 250326s9999 xx 000 0 und d
037 _aTextbook
040 _aFMSL
_beng
_cFMSL
041 _aeng
_2eng
084 _aX:8D M9;5
_qFMSL
100 _aChandra P
_9659734
245 0 _aFicial management theory and practice
_cChandra P
250 _a2
260 _aNew Delhi
_bNew Delhi, Tata McGraw-Hill
_c1989
300 _a831p
942 _cTB
_hX:8D M9;5
999 _c1275521
_d1275521